<?xml version="1.0" encoding="UTF-8"?><?xml-stylesheet type="text/xsl" href="static/style.xsl"?><OAI-PMH xmlns="http://www.openarchives.org/OAI/2.0/" xmlns:xsi="http://www.w3.org/2001/XMLSchema-instance" xsi:schemaLocation="http://www.openarchives.org/OAI/2.0/ http://www.openarchives.org/OAI/2.0/OAI-PMH.xsd"><responseDate>2026-04-13T07:36:40Z</responseDate><request verb="GetRecord" identifier="oai:www.recercat.cat:10230/71154" metadataPrefix="marc">https://recercat.cat/oai/request</request><GetRecord><record><header><identifier>oai:recercat.cat:10230/71154</identifier><datestamp>2025-09-11T13:56:12Z</datestamp><setSpec>com_2072_6</setSpec><setSpec>col_2072_452952</setSpec></header><metadata><record xmlns="http://www.loc.gov/MARC21/slim" xmlns:dcterms="http://purl.org/dc/terms/" xmlns:xsi="http://www.w3.org/2001/XMLSchema-instance" xmlns:doc="http://www.lyncode.com/xoai" xsi:schemaLocation="http://www.loc.gov/MARC21/slim http://www.loc.gov/standards/marcxml/schema/MARC21slim.xsd">
   <leader>00925njm 22002777a 4500</leader>
   <datafield ind2=" " ind1=" " tag="042">
      <subfield code="a">dc</subfield>
   </datafield>
   <datafield ind2=" " ind1=" " tag="720">
      <subfield code="a">Batlle-Roca, Roser</subfield>
      <subfield code="e">author</subfield>
   </datafield>
   <datafield ind2=" " ind1=" " tag="720">
      <subfield code="a">Melo, Lena M.</subfield>
      <subfield code="e">author</subfield>
   </datafield>
   <datafield ind2=" " ind1=" " tag="720">
      <subfield code="a">Serra, Xavier</subfield>
      <subfield code="e">author</subfield>
   </datafield>
   <datafield ind2=" " ind1=" " tag="260">
      <subfield code="c">2025-09-09T05:58:04Z</subfield>
   </datafield>
   <datafield ind2=" " ind1=" " tag="260">
      <subfield code="c">2025-09-09T05:58:04Z</subfield>
   </datafield>
   <datafield ind2=" " ind1=" " tag="260">
      <subfield code="c">2025</subfield>
   </datafield>
   <datafield ind2=" " ind1=" " tag="520">
      <subfield code="a">Comunicació presentada al 3rd Workshop on Human-Centric Music Information Research (HCMIR25), celebrada a Daejeon (Korea) el 20 de setembre de 2025.</subfield>
   </datafield>
   <datafield ind2=" " ind1=" " tag="520">
      <subfield code="a">As music-generative AI continues to evolve, critical concerns are emerging around originality, data replication, and the misuse of intellectual property. The Music Replication Assessment (MiRA) tool was proposed to detect potential data replication using audio-based similarity metrics. However, it remains unclear how its classifications align with human perception or legal judgments. Thus, this study aims to examine melodic similarity across human, computational, and legal perspectives. We conducted a perceptual experiment based on real-world copyright infringement cases, where participants completed two tasks: (1) a direct rating of melodic similarity, and (2) a forced-choice judgment on potential copying. Participants’ responses were compared with MiRA’s similarity scores and court rulings. Results revealed systematic discrepancies: legal decisions tended to align with forced-choice judgments, while MiRA corresponded more closely with rating patterns, particularly in ambiguous cases. These findings highlight the complexity of assessing music similarity and emphasise the need to incorporate human-centred evaluation into computational tools and legal discourse around AI-generated music.</subfield>
   </datafield>
   <datafield ind1="8" ind2=" " tag="024">
      <subfield code="a">http://hdl.handle.net/10230/71154</subfield>
   </datafield>
   <datafield tag="653" ind2=" " ind1=" ">
      <subfield code="a">Melodic similarity</subfield>
   </datafield>
   <datafield tag="653" ind2=" " ind1=" ">
      <subfield code="a">Music plagiarism</subfield>
   </datafield>
   <datafield tag="653" ind2=" " ind1=" ">
      <subfield code="a">Music data replication</subfield>
   </datafield>
   <datafield ind2="0" ind1="0" tag="245">
      <subfield code="a">Examining melodic similarity across human, computational, and legal perspectives</subfield>
   </datafield>
</record></metadata></record></GetRecord></OAI-PMH>